150 rappeurs à trouver - Statistiques

Statistiques générales
  • Ce quiz a été pris 230 fois
  • Le résultat moyen est 30 sur 150
Statistiques - réponses
Réponse Hint % Correct
jul la machine
82%
niska chasse à l'homme
72%
sch gomorra
71%
kaaris bizon
67%
nekfeu humanoïde
60%
zola l1 l2
60%
naps pochon bleu
59%
plk mamie
59%
koba lad train de vie
57%
soso maness zumba cafew
51%
freeze corleone ancelotti
50%
tiakola méridian
50%
gradur rosa
48%
gims one shot
47%
jok'air las vegas
47%
shay liquide
46%
werenoi laboratoire
45%
dinos les pleurs du mal
42%
hamza godzilla
42%
naza MMM
42%
uzi a la fete
42%
NTM ma benz
41%
kalash mada
40%
diam's dans ma bulle
38%
lacrim barbade
38%
mhd roger milla
36%
rk billie jean
36%
vald mégadose
36%
hornet la frappe calumet
35%
lorenzo carton rouge
35%
dosseh infréquentables
34%
josman intro
34%
kalash criminel la sacem de florent pagny
34%
maes sale histoire
34%
mister v top album
34%
sofiane pégase
34%
ziak même pas un grincement
34%
sadek andale
33%
sniper gravé dans la roche
33%
alonzo finis les
32%
leto avon barksdale
30%
larry enfant compliqué
29%
da uzi soirées des cités
28%
chily san pellegrino
27%
kekra vréalité
27%
rohff tdsi
27%
zkr les gentils bandits
27%
alpha wann flamme olympique
25%
gambino alicante
25%
guizmo attendez moi
24%
mister you 30 juin 2009
24%
113 tonton du bled
23%
niro stupéfiant
23%
siboy mobali
23%
13 block petit coeur
22%
guy2bezbar full black
21%
kerchak sabor
21%
luv resval hyrule
21%
diddi trix chien d'la casse
20%
rsko gasolina
20%
zed joli
20%
timal arrivant
19%
bu$hi obito
18%
caballero polaire
18%
green montana Neymar JR
18%
osirus jack sacrifice de masse pt. 2
17%
bb jacques opium
16%
doc gynéco viens voir le docteur
16%
landy maybach
16%
mig pas ralentir
16%
ashe 22 22
15%
beendo z pas bete
15%
jeanjass hat trick
15%
s pri noir chico
15%
akhenaton bad boys de marseille
14%
bolemvn 10k
14%
django s/o le flem
14%
kofs santé & bonheur
14%
lefa 250
14%
médine porteur saint
14%
sasso elle veut
14%
hugo tsr coma artificiel
13%
kery james post scriptum
13%
roi heenok fuhrer heenoko
13%
disiz splash
12%
oxmo puccino l'enfant seul
12%
zamdane boyka
12%
alkpote urine fluo
11%
Gaulois jolie
11%
khali bottega
11%
kik feat.
11%
sinik 32 mesures de haine
11%
wallace cleaver de rien pour la douceur
11%
youssoupha menace de mort
11%
franglish bonnie & clyde
10%
yaro dios mio
10%
D.A.V ParoVie
9%
seth gueko tapis moquette
9%
tk stevez
9%
hayce lemsi havana
8%
kodes bipolaire
8%
prince waly balotelli
8%
sefyu suis-je le gardien de mon frere
8%
nahir araï
7%
psy 4 de la rime les cités d'or
7%
alpha 5.20 boss 2 panam
6%
le rat luciano il est fou ce monde
6%
benab dounia
5%
ben plg étoiles et satellites
5%
keny arkana la mère des enfants perdus
5%
lim je regrette pas
5%
mac tyer 93 killer
5%
nessbeal roi sans couronne
5%
404 billy gengis khan
4%
benjamin epps bmw boyz
4%
don choa dr hannibal
4%
frenetik rose noire
4%
ghetto phenomene maria maria
4%
l2b gang dans la chambre
4%
passi je zappe et je matte
4%
salif journée en enfer
4%
tony parker bienvenue dans le texas
4%
zeu bvb
4%
d.ace Hip-Hop
3%
fresh la douille indigent
3%
jnr slice 59 us
3%
kamelancien tchiki flow
3%
wit mama mia
3%
furax barbarossa froler l'paradis
2%
ol'kainry memento mori
2%
100 blaza binks
1%
baba petit baba noel
1%
black vner l'appel
1%
coelho eternité
1%
jeff le nerf génération
1%
limsa d'aulnay paradis vide
1%
megaski risk
1%
morsay on s'en bas les couilles
1%
prototype baby mama
1%
Purp minimat
1%
R.E.D.K avant de s'en aller
1%
sat l'artificier a force de vivre
1%
tovaritch sang froid
1%
zoxea libération
1%
decimo meme pas
0%
houssbad E.C.P.N
0%
keuchei zlatan
0%
prinzly voyageur
0%
tiitof triste mélodie
0%
zesau danger
0%
Aucun quiz correspondant
Distribution des résultats
% des personnes avec chaque résultat
Percentile par nombre de réponses
Votre historique - résultats
Vous n’avez pas pris ce quiz